000 01111nam a2200301 a 4500
001 000109923
003 CHAP
005 20220329144109.0
008 140609s2011 mx |rm |0|||||spa d
010 _a106385
011 _a107357
040 _cCHAP
090 _aTesis
100 1 _aOrtíz Segura, María del Carmen
_9127277
245 1 0 _aEvaluación del extracto etanólico de Calea urticifolia (Mill.) DC sobre la regulación de la secreción de adipocinas asociadas a la resistencia a la insulina /
_cpor María del Carmen Ortíz Segura.
260 _aSan Luis Potosí, S.L.P. :
_bEl autor,
_c2011.
300 _axii, 68 h. :
_bgráfs.
502 _aTesis (M. C. en Ciencias Ambientales) -- Universidad Autónoma de San Luis Potosí. Facultad de Ciencias Químicas, Ingeniería y Medicina
590 _aE6096MTM
_b05
_c20140609
_lUCH01
_h1146
650 1 4 _aBotánica médica.
_914680
650 1 4 _aEtanol.
_938579
650 1 4 _aEvaluación.
_938913
650 1 4 _aMedicina tradicional.
_973921
650 1 4 _aTerapéutica fisiológica.
_9112346
901 _aBK
942 _cTESIS
942 _n0
999 _c106385
_d106385